planning and environmental impact assessment in practice (Record no. 19793)

MARC details
000 -LEADER
fixed length control field 00416nam a22001697a 4500
003 - CONTROL NUMBER IDENTIFIER
control field OSt
005 - DATE AND TIME OF LATEST TRANSACTION
control field 20211123144137.0
008 - FIXED-LENGTH DATA ELEMENTS--GENERAL INFORMATION
fixed length control field 211123b |||||||| |||| 00| 0 eng d
020 ## - INTERNATIONAL STANDARD BOOK NUMBER
International Standard Book Number 0582273250
040 ## - CATALOGING SOURCE
Transcribing agency hu
082 ## - DEWEY DECIMAL CLASSIFICATION NUMBER
Classification number 363.701
100 ## - MAIN ENTRY--PERSONAL NAME
Personal name joe weston
9 (RLIN) 20170
245 ## - TITLE STATEMENT
Title planning and environmental impact assessment in practice
260 ## - PUBLICATION, DISTRIBUTION, ETC.
Place of publication, distribution, etc. british
Name of publisher, distributor, etc. hall
Date of publication, distribution, etc. 1997
300 ## - PHYSICAL DESCRIPTION
Extent 205
942 ## - ADDED ENTRY ELEMENTS (KOHA)
Source of classification or shelving scheme Dewey Decimal Classification
Koha item type Books like text book referance book
Suppress in OPAC No
Holdings
Withdrawn status Lost status Source of classification or shelving scheme Damaged status Not for loan Home library Current library Shelving location Date acquired Total Checkouts Full call number Barcode Date last seen Copy number Price effective from Koha item type
    Dewey Decimal Classification     Social Library Social Library General Stacks 11/23/2021   363.701/PLA SHLIB 00003110 11/23/2021 1 11/23/2021 Books like text book referance book